00305nam a2200121Ia 4500008004100000041001200041082002600053100002100079245003600100260002700136300001100163650000900174231217s9999 xx 000 0 und d aEnglish a001.6424JAV BAL `R' aBalagurusamy, E. 0aProgramming with Java: A primer c1998bNew Delhi : TMH, axx+343 aJava